| 000 -LEADER |
| fixed length control field |
00362nam a2200145Ia 4500 |
| 003 - CONTROL NUMBER IDENTIFIER |
| control field |
OSt |
| 005 - DATE AND TIME OF LATEST TRANSACTION |
| control field |
20260210175148.0 |
| 008 - FIXED-LENGTH DATA ELEMENTS--GENERAL INFORMATION |
| fixed length control field |
260210s9999 xx 000 0 und d |
| 020 ## - INTERNATIONAL STANDARD BOOK NUMBER |
| International Standard Book Number |
9780727741578 |
| 082 ## - DEWEY DECIMAL CLASSIFICATION NUMBER |
| Classification number |
658.155 |
| 100 ## - MAIN ENTRY--PERSONAL NAME |
| Personal name |
ICE Publishing |
| 245 #0 - TITLE STATEMENT |
| Title |
Risk Analysis And Management For Projects (Ramp), 3Rd Ed. (P/B) |
| 260 ## - PUBLICATION, DISTRIBUTION, ETC. (IMPRINT) |
| Name of publisher, distributor, etc |
TTL |
| 942 ## - ADDED ENTRY ELEMENTS (KOHA) |
| Item type |
UG Books |
| Source of classification or shelving scheme |
|